| 000 | 00000nam##2200000za#4500 |
| 001 | 9.680368 |
| 003 | CaOODSP |
| 005 | 20200330063753 |
| 007 | ta |
| 008 | 150407|1998||||xxc||||| f|0| 0 fre|d |
| 020 | |a0-662-82725-2 |
| 040 | |aCaOODSP|bfre |
| 043 | |an-cn--- |
| 086 | 1 |aSW21-22/1998F |
| 110 | 1 |aCanada. |bCondition féminine Canada. |
| 245 | 12|aA la recherche de données sur les femmes : |bles principales sources à Statistique Canada / |cpar Marcia Almey. |
| 260 | |aOttawa - Ontario : |bCondition féminine Canada |c1998. |
| 300 | |aviii, 168p. : |bréférences, tableaux ; |c28 cm. |
| 500 | |a«Ce guide se veut un outil de référence pour toute personne appelée à utiliser des données, qu'il s'agisse de simple particulier ou de personnes qui font de la recherche-action, d'analystes de politiques ou d'analystes de régressions chevronnés. Le guide indique comment trouver les principales enquêtes, les articles analytiques, les publications et les autres sources de données de Statistique Canada.»--Page v. Données de catalogage avant publication (Canada) imprimées dans cette publication. |
| 520 | 3 |aCe guide se veut un outil de référence pour toute personne appelée à utiliser des données, qu'il s'agisse de simple particulier ou de personnes qui font de la recherche-action, d'analystes de politiques ou d'analystes de régressions chevronnés. Le guide indique comment trouver les principales enquêtes, les articles analytiques, les publications et les autres sources de données de Statistique Canada.--Page v |
| 546 | |aBilingue |
| 563 | |aReliure à spirale |
| 590 | |a99-04|b1999-01-29 |
| 691 | 07|aInformation|2gcpds |
| 691 | 07|aFemme|2gcpds |
| 720 | 1 |aAlmey, Marcia |
| 775 | 08|tFinding data on women : |w(CaOODSP)9.646868 |
| 776 | 0#|tÀ la recherche de données sur les femmes |w(CaOODSP)9.632887 |